000 00752nam a2200253 a 4500
008
020 _a0471121703 (pbk.)
049 _aMAIN
090 _aQC311.3
100 1 _aBorgnakke, Claus.
245 1 0 _aThermodynamic and transport properties /
_cClaus Borgnakke, Richard E. Sonntag.
260 _aNew York :
_bWiley,
_cc1997.
300 _axi, 241 p. ;
_c26 cm.
500 _aIncludes index.
504 _aIncludes bibliographical references.
650 0 _aThermodynamics
_xTables.
650 0 _aMass transfer
_xTables.
700 1 _aSonntag, Richard Edwin.
907 _a.b10057109
_b09-06-04
_c17-04-03
003
005 20230123133232.0
040 _cNUST
942 _cBOOKS
_kQC311.3
999 _c145102
_d145102